Código de derecho : (Registro nro. 40476)
[ vista simple ]
| 000 -CABECERA | |
|---|---|
| campo de control de longitud fija | 00615nam a2200169 a 4500 |
| 001 - NÚMERO DE CONTROL | |
| campo de control | 000040986 |
| 005 - FECHA Y HORA DE LA ÚLTIMA TRANSACCIÓN | |
| campo de control | 20240402134028.0 |
| 008 - DATOS DE LONGITUD FIJA--INFORMACIÓN GENERAL | |
| campo de control de longitud fija | 130912s20uu dr 000 0 spa d |
| 040 ## - FUENTE DE LA CATALOGACIÓN | |
| Centro catalogador/agencia de origen | DO-SdBNP |
| Lengua de catalogación | spa |
| Centro/agencia transcriptor | BNPHU |
| 110 1# - ENTRADA PRINCIPAL--NOMBRE DE ENTIDAD CORPORATIVA | |
| Nombre de entidad corporativa o nombre de jurisdicción como elemento de entrada | República Dominicana |
| 9 (RLIN) | 447 |
| 240 13 - TÍTULO UNIFORME | |
| Título uniforme | [Leyes, etc.] |
| 245 10 - MENCIÓN DE TÍTULO | |
| Título | Código de derecho : |
| Resto del título | internacional privado / |
| Mención de responsabilidad, etc. | compilador Trajano Vidal Potentini. |
| 246 12 - FORMA VARIANTE DE TÍTULO | |
| Título propio/Titulo breve | Código Bustamante |
| Resto del título | ley No. 1055 (del 2 de enero de 1929, G. O. 4042) |
| 260 ## - PUBLICACIÓN, DISTRIBUCIÓN, ETC. | |
| Lugar de publicación, distribución, etc. | Moca, República Dominicana : |
| Nombre del editor, distribuidor, etc. | Dalis, |
| Fecha de publicación, distribución, etc. | [20??]. |
| 300 ## - DESCRIPCIÓN FÍSICA | |
| Extensión | 88 p.: ; |
| Dimensiones | 15 cm. |
| 700 12 - PUNTO DE ACCESO ADICIONAL--NOMBRE DE PERSONA | |
| Nombre de persona | Potentini Adames, Trajano Vidal |
| Término indicativo de función/relación | comp. |
| 9 (RLIN) | 73577 |
| Estado de retiro | Estado de pérdida | No para préstamo | Código de colección | Localización permanente | Ubicación/localización actual | Ubicación en estantería | Fecha de adquisición | Número de inventario | Total de préstamos | Signatura topográfica completa | Código de barras | Fecha visto por última vez | Número de copia | Precio válido a partir de | Tipo de ítem Koha |
|---|---|---|---|---|---|---|---|---|---|---|---|---|---|---|---|
| Excluido de préstamo | Dominicana de Servicio | General | General | En catalogación | 12.09.2013 | LF1 | 40986-30 | 25.06.2020 | e. 3 | 25.06.2020 | Libro y Folleto Colección Dominicana de Servicio | ||||
| Excluido de préstamo | Patrimonio Dominicano | Patrimonio Dominicano | Patrimonio Dominicano | En catalogación | 12.09.2013 | LF1 | 40986-10 | 25.06.2020 | 25.06.2020 | Libro y Folleto Colección Patrimonio Dominicano | |||||
| Excluido de préstamo | Patrimonio Dominicano | Patrimonio Dominicano | Patrimonio Dominicano | En catalogación | 12.09.2013 | LF1 | 40986-20 | 25.06.2020 | e. 2 | 25.06.2020 | Libro y Folleto Colección Patrimonio Dominicano |
